Countries Whose Capitals are Related - Statistics

General Stats
  • This quiz has been taken 23 times
  • The average score is 14 of 18
Answer Stats
Answer % Correct
Luxembourg/Luxembourg
100%
San Marino/San Marino
100%
Vatican City/Vatican City
100%
Guatemala/Guatemala City
94%
Mexico/Mexico City
94%
Panama/Panama City
94%
Kuwait/Kuwait City
88%
Algeria/Algiers
82%
Andorra/Andorra La Vella
82%
Djibouti/Djibouti
82%
Monaco/Monaco
82%
Singapore/Singapore
82%
Tunisia/Tunis
76%
Brazil/Brasilia
71%
El Salvador/San Salvador
53%
Guinea Bissau/Bissau
35%
Taiwan/Taipei
35%
Nicaragua/Managua
18%
No matching quizzes found
Score Distribution
Percent of People with Each Score
Percentile by Number Answered
Your Score History
You have not taken this quiz